Proceedings of the Dalgarno Celebratory Symposium (Record no. 140225)
[ view plain ]
| 000 -LEADER | |
|---|---|
| fixed length control field | 01938nam a2200409 a 4500 |
| 245 10 - TITLE STATEMENT | |
| Title | Proceedings of the Dalgarno Celebratory Symposium |
| 260 ## - PUBLICATION, DISTRIBUTION, ETC. (IMPRINT) | |
| Place of publication | London : |
| Name of publisher | Imperial College Press, |
| Year of publication | c2010. |
| 300 ## - PHYSICAL DESCRIPTION | |
| Number of Pages | xiv, 388 p. : |
| Other physical details | ill. (some col.). |
| 500 ## - GENERAL NOTE | |
| General note | "On September 10, 2008, more than 125 friends, colleagues ... to join Professor Alex Dalgarno in celebrating his 80th birthday ... A symposium highlighting Dalgarno's many scientific contributions ..."--Preface. |
| 650 #0 - SUBJECT ADDED ENTRY--TOPICAL TERM | |
| Topical Term | Astrophysics |
| Topical Term | Molecular astrophysics |
| Topical Term | Atmospheric physics |
| Topical Term | Cosmochemistry |
| 700 1# - ADDED ENTRY--PERSONAL NAME | |
| Personal name | Dalgarno, A. |
| Personal name | Babb, James F. |
| Personal name | Kirby, Kata. |
| Personal name | Sadeghpour, Hossein R., |
| 856 40 - ELECTRONIC LOCATION AND ACCESS | |
| Uniform Resource Identifier | http://site.ebrary.com/lib/rucke/Doc?id=10422176 |
No items available.
